Námořní doprava podnikanie vo vnútroštátnom a medzinárodnom zasielateľstve v cestnej doprave. Kvalifikačný kurz

Bibliographic Details
Main Author: Šubert, Miroslav (Author)
Format: Book
Language:Czech
PhysicalDescription:63 s., 41 s. príl. Fotogr., mp., tab., zoz. skrat. 29 cm
Published: Žilina Vysoká škola dopravy a spojov 1996
ISBN:8071003093
Subjects:

MARC

LEADER 00000nam a2200000 a 4500
001 vtls001219200
003 SK-MaSNL
005 20260301063740.0
008 240318s1996 xo bg r 0yy cze
015 |a SNBA1996/1103084 
020 |a 8071003093  |c (300 výt.) 
035 |a SNK000163250 
035 |a urn:nbn:sk:snk-amydtn 
035 |a urn:nbn:sk:snk-am00cenh 
035 |a 05A6C69D-771B-4AAA-B4E0-9C738629E400 
040 |a SNK  |b slo  |c SNK  |e AACR2 
041 0 |a cze 
044 |a xo  |c SK 
080 |a 656.61.025(075.9)  |2 1981 
100 1 |a Šubert, Miroslav  |4 aut  |9 47272 
245 1 0 |a Námořní doprava  |b podnikanie vo vnútroštátnom a medzinárodnom zasielateľstve v cestnej doprave. Kvalifikačný kurz  |c Miroslav Šubert 
260 |a Žilina  |b Vysoká škola dopravy a spojov  |c 1996 
300 |a 63 s., 41 s. príl.  |b Fotogr., mp., tab., zoz. skrat.  |c 29 cm 
500 |a Čiast. text angl. a nem. 
650 0 7 |a doprava námorná  |x zasielateľstvo vnútroštátne  |x učebnice kurzov  |2 SNK  |9 380026 
650 0 7 |a zasielateľstvo medzinárodné  |x učebnice kurzov  |2 SNK  |9 380027 
650 0 7 |a zasielateľstvo vnútroštátne  |x učebnice kurzov  |2 SNK  |9 380028 
655 7 |a príručky  |2 SNK  |9 74364 
919 |a 80-7100-309-3 
958 |a TL 
958 |a CZ 
999 |c 624866  |d 626796 
952 |t P60, <09>, [BOOK], {629}  |a SNK  |b SNK  |y NEVYP  |7 0  |o snkB 725  |i snk2619/960812  |0 0  |1 0  |4 0  |d 1996-08-12  |l 0  |r 2005-01-01 00:00:00  |w 2026-02-23 
952 |t P60, <03>, [BOOK], {603}  |a SNK  |b SNK  |y PREZ  |7 0  |p 17A0008511  |o snkSB 55740  |i snkKSP 6385/96  |0 0  |1 0  |4 0  |d 1996-08-12  |f 1  |l 0  |r 2025-03-28 00:00:00  |w 2026-02-23 
952 |t P60, <04>, [BOOK], {604}  |a SNK  |b SNK  |y VYP  |7 0  |p 17A0008510  |o snkSB 55740 D1  |i snkKSP 6386/96  |0 0  |1 0  |4 0  |d 1996-08-12  |l 0  |r 2005-01-01 00:00:00  |w 2026-02-23